000 00746nam a2200229 i 4500
001 bg
245 0 0 _aPrace z automatyki dedykowane profesorowi Henrykowi Góreckiemu z okazji 70-lecia urodzin /
_cwyd. redagował Wojciech Mitkowski.
260 _aKraków :
_bWydawnictwa AGH [Akademii Górniczo-Hutniczej],
_c1997.
300 _a196, [3] s. :
_b1 portr., rys., wykr. ;
_c24 cm.
504 _aBibliogr. przy rozdz.
600 1 9 _aGórecki, Henryk (1927- )
650 9 _aAutomatyka
655 _aksięga pamiątkowa
700 1 _aMITKOWSKI, Wojciech
_d(1946- ).
_erd
020 _a8390780623
040 _cBPK
041 0 _apl
080 _a681.5
920 _a83-907806-2-3
942 _cKS
008 s pl f |000 0 pol
999 _c32837
_d32837
856 _uhttp://koha.tu.koszalin.pl/cgi-bin/koha/opac-detail.pl?biblionumber=32837
_yKatalog online BPK